| 000 | 01230nam0a22003131 4500 | ||
|---|---|---|---|
| 001 | rc\4850941 | ||
| 005 | 20250613020050.0 | ||
| 021 |
_aRU _b[58-4364ж] |
||
| 035 | _a(NLR Aleph) 008899048 | ||
| 090 |
_a8691075 _c8691075 |
||
| 100 | _a20130426d1957 |||y0rusy50 ca | ||
| 101 | 0 | _arus | |
| 102 | _aRU | ||
| 105 | _aa z ||||| | ||
| 200 | 1 |
_aИсследование морозостойкости растений в условиях высокогорий Памира _fОтв. ред. К.В. Станюкович |
|
| 210 |
_aСталинабад _cИзд-во Акад. наук Тадж. ССР _d1957 |
||
| 215 |
_a125 с., 2 л. табл. _cил. _d22 |
||
| 225 | 1 |
_aАкадемия наук Таджикской ССР. Институт ботаники. Труды _vТ. 57 |
|
| 300 | _aРезюме на тадж. яз. | ||
| 320 | _aБиблиогр.: с. 115-121 | ||
| 606 |
_aМорозоустойчивость растений _yПамир _2psbo |
||
| 700 | 1 |
_aТюрина _bМ.М. _gМаргарита Михайловна |
|
| 702 | 1 |
_aСтанюкович _bК.В. _4340 |
|
| 801 | 0 |
_aRU _bNLR _gpsbo |
|
| 801 | 1 |
_aRU _bELAR _2rusmarc |
|
| 852 |
_aNLR _bОНЛ |
||
| 942 | _cBOOK | ||
| 980 | _aNB | ||